| 000 | 00519nam a2200145 a 4500 | ||
|---|---|---|---|
| 001 | 000039766 | ||
| 005 | 20201002033725.0 | ||
| 008 | 130718s1986 ch 000 0 spa d | ||
| 040 |
_aDO-SdBNP _bspa _cBNPHU |
||
| 100 | 1 |
_aVicuña Mackenna, Benjamín _965959 |
|
| 245 | 1 | 0 |
_aBenjamín Vicuña Mackenna : _bpáginas escogidas / _cBenjamín Vicuña Mackenna. |
| 260 |
_aSantiago de Chile : _bEditorial Universitaria _bBiblioteca Nacional, _c1986. |
||
| 300 |
_a372 p. ; _c24 cm. |
||
| 500 | _aIncluye notas al pie de las páginas | ||
| 999 |
_c39256 _d39256 |
||